[Event "Mont de Marsan op 6th"]
[Site "Mont de Marsan"]
[Date "2006.12.27"]
[Round "4"]
[White "Eymard, Nicolas"]
[Black "Moragrega, Remi"]
[Result "0-1"]
[WhiteElo "1470"]
[BlackElo "2020"]
[PlyCount "74"]
[EventDate "2006.12.26"]
[EventType "swiss"]
[EventRounds "9"]
[EventCountry "FRA"]
[SourceTitle "CBM 116 Extra"]
[Source "ChessBase"]
[SourceDate "2007.03.07"]
[SourceVersion "1"]
[SourceVersionDate "2007.03.07"]
[SourceQuality "1"]

1. d4 Nf6 2. c4 e6 3. Nc3 Bb4 4. a3 Bxc3+ 5. bxc3 d5 6. Nf3 0-0 7. Bg5 c5 8. e3 Nbd7 9. cxd5 exd5 10. Bd3 Qa5 11. Qc2 c4 12. Bf5 Ne4 13. Be7 Re8 14. Bb4 Qc7 15. a4 Ndf6 16. Bxc8 Raxc8 17. h3 Nd7 18. 0-0 Re6 19. Nh4 Qd8 20. Nf5 Qg5 21. Ne7+ Rxe7 22. Bxe7 Qxe7 23. f3 Ng5 24. Rfe1 Re8 25. Qf5 Qf6 26. Qxd5 Nb6 27. Qxb7 Qg6 28. Kf2 Qc2+ 29. Kg1 Qxc3 30. Qxa7 Nd5 31. Qd7 Nf6 32. Qb5 h6 33. Rac1 Qd2 34. Qxc4 Rxe3 35. Rxe3 Qxe3+ 36. Kh2 Nh5 37. d5 Nxf3+ 0-1

[Event "Mont de Marsan op"]
[Site "Mont de Marsan"]
[Date "2005.12.26"]
[Round "2"]
[White "Lecoq, Julien"]
[Black "Moragrega, Remi"]
[Result "1-0"]
[WhiteElo "2074"]
[BlackElo "1880"]
[PlyCount "115"]
[EventDate "2005.12.26"]
[EventType "swiss"]
[EventRounds "7"]
[EventCountry "FRA"]
[SourceTitle "CBM 110 Extra"]
[Source "ChessBase"]
[SourceDate "2006.03.10"]
[SourceVersion "2"]
[SourceVersionDate "2006.03.10"]
[SourceQuality "1"]

1. e4 e6 2. d4 d5 3. Nc3 dxe4 4. Nxe4 Nd7 5. Nf3 Ngf6 6. Bd3 Be7 7. 0-0 0-0 8. Qe2 b6 9. Bf4 Bb7 10. Rad1 Nxe4 11. Bxe4 Bxe4 12. Qxe4 Nf6 13. Qc6 Bd6 14. Be5 Qd7 15. Qc4 Qe7 16. Rfe1 Rfd8 17. Qe2 c5 18. c3 Bxe5 19. Nxe5 Rac8 20. Qf3 Qc7 21. dxc5 Qxc5 22. h3 Rxd1 23. Qxd1 Qd5 24. Qxd5 Nxd5 25. Rd1 f6 26. Nf3 Rc7 27. Nd4 Kf7 28. Nb5 Re7 29. c4 Nf4 30. Kh2 e5 31. Rd8 a6 32. Nd6+ Ke6 33. Nc8 Rd7 34. Rxd7 Kxd7 35. Nxb6+ Kc6 36. Na4 Nd3 37. Kg1 f5 38. Kf1 g5 39. g3 e4 40. a3 a5 41. Ke2 Ne5 42. b3 Nd3 43. Ke3 Kd6 44. Nc3 Kc5 45. Na4+ Kd6 46. f3 Ke5 47. fxe4 fxe4 48. Nc3 Ne1 49. Nxe4 h6 50. Nc5 Nc2+ 51. Kd3 Nxa3 52. Kc3 h5 53. Kb2 Nxc4+ 54. bxc4 Kd4 55. Ne6+ Kxc4 56. Nxg5 Kd3 57. Nf3 Ke3 58. g4 1-0